India Real Estate: Housing Conference (Record no. 121611)

MARC details
000 -LEADER
fixed length control field 01265nam a22002417a 4500
008 - FIXED-LENGTH DATA ELEMENTS--GENERAL INFORMATION
fixed length control field 230719s2023 xxk|||||o|||| 00| 0 eng d
041 ## - LANGUAGE CODE
Language code of text/sound track or separate title eng
110 ## - MAIN ENTRY--CORPORATE NAME
Corporate author Royal Institution of Chartered Surveyors
245 ## - TITLE STATEMENT
Title India Real Estate: Housing Conference
260 ## - PUBLICATION INFORMATION
Place of publication New Delhi
Publisher Royal Institution of Chartered Surveyors,
Date 3 August 2023
490 ## - SERIES TITLE
Series statement RICS Conference
500 ## - GENERAL NOTE
General note This is a face-to-face event
520 ## - ABSTRACT
Abstract This conference will provide a platform for industry experts, academics, consultants, and government stakeholders to share their valuable insights on various topics such as policies, regulations, RERA, last mile funding, skills, redevelopment, futureproofing assets, and the use of technology. The aim is to address the challenges that the sector is facing and prepare a plan of action to tackle them effectively
650 ## - KEYWORDS
Keywords HOUSING
650 ## - KEYWORDS
Keywords LAST MILE FUNDING
650 ## - KEYWORDS
Keywords PROPTECH
650 ## - KEYWORDS
Keywords URBAN SPACES
651 ## - SUBJECT ADDED ENTRY--GEOGRAPHIC NAME
Geographic name India
690 ## - BROAD SUBJECT
9 (RLIN) 6307
Broad subject Built Environment
710 ## - ADDED CORPORATE NAME
Added corporate author Royal Institution of Chartered Surveyors
856 ## - ONLINE RESOURCE
Uniform Resource Identifier <a href="https://www.rics.org/content/dam/ricsglobal/documents/event-programmes/India%20Real%20Estate%20and%20Housing%20Conference%20programme.pdf">https://www.rics.org/content/dam/ricsglobal/documents/event-programmes/India%20Real%20Estate%20and%20Housing%20Conference%20programme.pdf</a>
Public note View the conference programme
942 ## - ADDED ENTRY ELEMENTS (KOHA)
Suppress in OPAC Do not suppress in OPAC
Holdings
Lost status Damaged status Not for loan Current library Shelving location Date acquired Total Checkouts Full call number Date last seen Price effective from Koha item type
      Virtual Online 19/07/2023   CONFERENCE 19/07/2023 19/07/2023 Online material